| 000 | 00445nam a2200133Ia 4500 | ||
|---|---|---|---|
| 008 | 200915s9999 xx 000 0 und d | ||
| 020 | _a978-1-52642-339-9 | ||
| 100 | _aDe Bryckere, Pedro | ||
| 245 |
_cPedro De Bruyckere.-- _aThe Ingredients for great teaching / |
||
| 260 |
_aLondon : _bSage Publcations Ltd. _c2018 |
||
| 300 |
_aix , 156 pages : _billustrations ; _c24 cm. |
||
| 650 | _aEducation -- teaching and practice. | ||
| 650 | _aTeaching. | ||
| 999 |
_c364227 _d364227 |
||